MARC details
| 000 -CABECERA |
| campo de control de longitud fija |
01946nam a22003377a 4500 |
| 003 - IDENTIFICADOR DEL NÚMERO DE CONTROL |
| campo de control |
CHAP |
| 005 - FECHA Y HORA DE LA ÚLTIMA TRANSACCIÓN |
| campo de control |
20240521084533.0 |
| 007 - CAMPO FIJO DE DESCRIPCIÓN FÍSICA--INFORMACIÓN GENERAL |
| campo de control de longitud fija |
ta |
| 008 - DATOS DE LONGITUD FIJA--INFORMACIÓN GENERAL |
| campo de control de longitud fija |
221109b2021 |||ado|fs||||a001 0 spa d |
| 040 ## - FUENTE DE LA CATALOGACIÓN |
| Centro catalogador/agencia de origen |
mxchpua |
| 090 ## - LOCALMENTE ASIGNADO TIPO-LC NÚMERO DE CLASIFICACIÓN (OCLC); NÚMERO DE CLASIFICACIÓN LOCAL (RLIN) |
| Número de clasificación (OCLC) (R) ; Numero de clasificación, CALL (RLIN) (NR) |
T.C.864 |
| Número cutter local (OCLC) ; Número de libro/Signatura topográfica íntegra, CALL (RLIN) |
E86 SAI |
| Año |
2021 |
| 245 10 - MENCIÓN DE TÍTULO |
| Título |
Sistema agroindustrial mezcal en el estado de Oaxaca / |
| Mención de responsabilidad, etc. |
coordinador Anastacio Espejel García ; colaboradores Yareli Rufina Agudo Agudo...[y otros] |
| 260 ## - PUBLICACIÓN, DISTRIBUCIÓN, ETC. |
| Lugar de publicación, distribución, etc. |
México, Chapingo : |
| Nombre del editor, distribuidor, etc. |
El autor, |
| Fecha de publicación, distribución, etc. |
2021 |
| 300 ## - DESCRIPCIÓN FÍSICA |
| Extensión |
1 recurso en línea (136 páginas) : |
| Otras características físicas |
gráficas, fotos |
| 336 ## - TIPO DE CONTENIDO |
| Fuente |
rdacontent |
| Término de tipo de contenido |
texto |
| Código de tipo de contenido |
txt |
| 337 ## - TIPO DE MEDIO |
| Fuente |
rdamedia |
| Nombre/término del tipo de medio |
computadora |
| Código del tipo de medio |
c |
| 338 ## - TIPO DE SOPORTE |
| Fuente |
rdacarrier |
| Nombre/término del tipo de soporte |
recurso en línea |
| Código del tipo de soporte |
cr |
| 500 ## - NOTA GENERAL |
| Nota general |
Grado: 6° año Grupo: 04 |
| 502 ## - NOTA DE TESIS |
| Nota de tesis |
Viaje de Estudios |
| Tipo de título |
(SAI) -- |
| Nombre de la institución que otorga el título |
UACh. Departamento de Ingeniería Agroindustrial, |
| Año de obtención del título |
2021 |
| 504 ## - NOTA DE BIBLIOGRAFÍA, ETC. |
| Nota de bibliografía, etc. |
Bibliografía: páginas 108-111 |
| 505 0# - NOTA DE CONTENIDO CON FORMATO |
| Nota de contenido con formato |
Visitas : -- |
| Título |
1. Mezcal El Rey Zapoteco --<br/>2. Dr. José Trinidad Gaytán Guzmán (Mezcal del Tío Ro) --<br/>3. Daniel López (Mezcal Oro) --<br/>4. Ing. Édison --<br/>5. M.C Eduardo Sánchez Jiménez CEMMEZ --<br/>6. Ing. Yareth --<br/>7. Ing. Ramiro Baños (Mezcal amores) --<br/>8. M.C Ismael Santiago --<br/>9. M.C Magdiel --<br/>10. Maestros del Maguey y Mezcal Mal de Amor --<br/>11. Everardo Zurita (Destilería Zurto SA de CV) --<br/>12. Comité Clúster del Mezcal Oaxaca --<br/>13. Eléctrico Mezcal --<br/>14. Los Hernández --<br/>15. Gregorio Martínez Manuel |
| 650 13 - PUNTO DE ACCESO ADICIONAL DE MATERIA--TÉRMINO DE MATERIA |
| 9 (RLIN) |
148013 |
| Término de materia o nombre geográfico como elemento de entrada |
Alcoholes etílicos |
| Subdivisión geográfica |
México |
| -- |
Oaxaca |
| 650 13 - PUNTO DE ACCESO ADICIONAL DE MATERIA--TÉRMINO DE MATERIA |
| 9 (RLIN) |
32202 |
| Término de materia o nombre geográfico como elemento de entrada |
Destilación |
| 650 13 - PUNTO DE ACCESO ADICIONAL DE MATERIA--TÉRMINO DE MATERIA |
| 9 (RLIN) |
150300 |
| Término de materia o nombre geográfico como elemento de entrada |
Industria de la destilería |
| Subdivisión geográfica |
México |
| -- |
Oaxaca |
| 650 13 - PUNTO DE ACCESO ADICIONAL DE MATERIA--TÉRMINO DE MATERIA |
| 9 (RLIN) |
148015 |
| Término de materia o nombre geográfico como elemento de entrada |
Distilled spirits |
| Subdivisión geográfica |
Mexico |
| -- |
Oaxaca |
| 650 13 - PUNTO DE ACCESO ADICIONAL DE MATERIA--TÉRMINO DE MATERIA |
| 9 (RLIN) |
185586 |
| Término de materia o nombre geográfico como elemento de entrada |
Distillation |
| 650 13 - PUNTO DE ACCESO ADICIONAL DE MATERIA--TÉRMINO DE MATERIA |
| 9 (RLIN) |
150297 |
| Término de materia o nombre geográfico como elemento de entrada |
Distilling industry |
| Subdivisión geográfica |
Mexico |
| -- |
Oaxaca |
| 700 1# - PUNTO DE ACCESO ADICIONAL--NOMBRE DE PERSONA |
| 9 (RLIN) |
147446 |
| Nombre de persona |
Espejel García, Anastacio |
| Término indicativo de función/relación |
coordinador |
| 700 1# - PUNTO DE ACCESO ADICIONAL--NOMBRE DE PERSONA |
| 9 (RLIN) |
185291 |
| Nombre de persona |
Agudo Agudo, Yareli Rufina |
| Término indicativo de función/relación |
colaboradora |
| 856 40 - LOCALIZACIÓN Y ACCESO ELECTRÓNICOS |
| Identificador Uniforme del Recurso |
<a href="http://10.13.5.2/ve/T_C_864_SAI/T_C_864_SAI_2021-REPORTE_pdf">http://10.13.5.2/ve/T_C_864_SAI/T_C_864_SAI_2021-REPORTE_pdf</a> |
| Texto de enlace |
DESCARGAR REPORTE |